[Event "Santo Domingo op11"]
[Site "Santo Domingo"]
[Date "2017.11.19"]
[Round "4"]
[White "Puntier Andujar, Fausto Jiovanny"]
[Black "Zapata Robles, Jesus Elias"]
[Result "1-0"]
[WhiteElo "2140"]
[BlackElo "1741"]
[PlyCount "115"]
[EventDate "2017.11.17"]
[EventType "swiss"]
[EventRounds "8"]
[EventCountry "DOM"]
[SourceTitle "CBM 181 Extra"]
[Source "ChessBase"]
[SourceDate "2017.12.12"]
[SourceVersion "1"]
[SourceVersionDate "2017.12.12"]
[SourceQuality "1"]

1. d4 Nf6 2. c4 e6 3. Nf3 b6 4. a3 Bb7 5. Nc3 Be7 6. d5 0-0 7. e4 exd5 8. cxd5 d6 9. Nd4 a6 10. Be2 Re8 11. 0-0 Bf8 12. f3 c5 13. dxc6 Nxc6 14. Nf5 Ne5 15. Bg5 h6 16. Bh4 b5 17. Qd4 g6 18. Ne3 Bg7 19. Rad1 Re6 20. Kh1 Qc7 21. Bxf6 Bxf6 22. Ned5 Bxd5 23. Nxd5 Qc5 24. Nxf6+ Rxf6 25. Qxc5 dxc5 26. Rd5 Nc4 27. Bxc4 bxc4 28. Rxc5 Rb6 29. Rf2 Rab8 30. Rxc4 Rxb2 31. Rxb2 Rxb2 32. h4 Rb3 33. Ra4 Rb6 34. h5 Kg7 35. hxg6 Kxg6 36. Ra5 Re6 37. Kh2 f6 38. Kg3 Rb6 39. Kf4 h5 40. g3 Rc6 41. a4 Rb6 42. g4 hxg4 43. Kxg4 Re6 44. Rc5 Re7 45. Rc6 a5 46. Rc5 Ra7 47. f4 Re7 48. Kf3 Ra7 49. Rc6 Kf7 50. Kg4 Re7 51. Kf5 Kg7 52. Rxf6 Rxe4 53. Rg6+ Kf7 54. Kxe4 Kxg6 55. Ke5 Kg7 56. Ke6 Kf8 57. f5 Ke8 58. f6 1-0

[Event "Santo Domingo Guzman Cup"]
[Site "Santo Domingo"]
[Date "2017.10.20"]
[Round "1"]
[White "Brito Rondon, Enmanuel De Jesus"]
[Black "Zapata Robles, Jesus Elias"]
[Result "1/2-1/2"]
[WhiteElo "2025"]
[BlackElo "1741"]
[PlyCount "41"]
[EventDate "2017.10.20"]
[EventType "swiss"]
[EventRounds "8"]
[EventCountry "DOM"]
[SourceTitle "CBM 181 Extra"]
[Source "ChessBase"]
[SourceDate "2017.12.12"]
[SourceVersion "1"]
[SourceVersionDate "2017.12.12"]
[SourceQuality "1"]

1. c4 e5 2. Nc3 d6 3. Nf3 Nf6 4. d3 Nc6 5. g3 Be7 6. Bg2 Bd7 7. 0-0 0-0 8. a3 Re8 9. b4 a6 10. Bb2 Bf8 11. Rc1 Ne7 12. Nd2 Bc6 13. Bxc6 Nxc6 14. Nde4 Nxe4 15. Nxe4 Ne7 16. Nc3 c5 17. e4 Qd7 18. Nd5 Nxd5 19. cxd5 cxb4 20. axb4 Rec8 21. Qb3 1/2-1/2

[Event "Santo Domingo Autumn op"]
[Site "Santo Domingo"]
[Date "2016.10.07"]
[Round "4"]
[White "Perez Barcelo, Ricardo Antonio"]
[Black "Zapata Robles, Jesus Elias"]
[Result "1/2-1/2"]
[WhiteElo "1531"]
[BlackElo "1735"]
[PlyCount "98"]
[EventDate "2016.10.07"]
[EventType "swiss"]
[EventRounds "8"]
[EventCountry "DOM"]
[SourceTitle "CBM 175 Extra"]
[Source "ChessBase"]
[SourceDate "2016.12.12"]
[SourceVersion "1"]
[SourceVersionDate "2016.12.12"]
[SourceQuality "1"]

1. d4 Nf6 2. Nf3 e6 3. Bf4 Be7 4. e3 b6 5. Bd3 Bb7 6. Nbd2 c5 7. c3 Nh5 8. Bg3 Nxg3 9. hxg3 h6 10. Qc2 Nc6 11. Be4 d5 12. Bd3 c4 13. Be2 Rb8 14. a4 a6 15. b3 b5 16. axb5 axb5 17. bxc4 bxc4 18. 0-0 0-0 19. Rfb1 Ba8 20. Rxb8 Qxb8 21. Rb1 Qc7 22. Qa2 Rb8 23. Rxb8+ Qxb8 24. Bd1 Qa7 25. Qxa7 Nxa7 26. Kf1 f6 27. Ne1 Bc6 28. f3 Bd6 29. g4 Ba3 30. Nb1 Bd6 31. Bc2 Kf7 32. Ke2 Nc8 33. Bd1 Nb6 34. Bc2 e5 35. Bd1 exd4 36. exd4 Bf4 37. Nc2 Ba4 38. Nb4 Bxd1+ 39. Kxd1 Ke6 40. Na2 g5 41. Nc1 Bd6 42. Ne2 f5 43. gxf5+ Kxf5 44. Ke1 h5 45. Kf2 h4 46. Nd2 Na4 47. Nf1 Bc7 48. Ne3+ Ke6 49. Nd1 Kf5 1/2-1/2

[Event "DOM-ch"]
[Site "Santo Domingo"]
[Date "2016.04.10"]
[Round "8"]
[White "Batlle Ysa, Rafael Jorge"]
[Black "Zapata Robles, Jesus Elias"]
[Result "1-0"]
[WhiteElo "1889"]
[BlackElo "1706"]
[PlyCount "43"]
[EventDate "2016.04.01"]
[EventType "swiss"]
[EventRounds "11"]
[EventCountry "DOM"]
[SourceTitle "CBM 171 Extra"]
[Source "ChessBase"]
[SourceDate "2016.04.26"]
[SourceVersion "1"]
[SourceVersionDate "2016.04.26"]
[SourceQuality "1"]

1. d4 e6 2. Nf3 Ne7 3. Bf4 d6 4. e3 Ng6 5. Bg3 Be7 6. h4 c5 7. c3 Nc6 8. Nbd2 cxd4 9. exd4 a6 10. Bd3 d5 11. h5 Nf8 12. Qe2 h6 13. Ne5 Nxe5 14. Bxe5 Bf6 15. Nf3 Nd7 16. Bf4 b6 17. Rg1 Be7 18. g4 Nf6 19. Ne5 Bd7 20. Bxa6 Ne4 21. Nxd7 Kxd7 22. Qb5# 1-0

[Event "DOM-ch"]
[Site "Santo Domingo"]
[Date "2016.04.08"]
[Round "5"]
[White "Zapata Robles, Jesus Elias"]
[Black "Metz Souffront, Francisco Hipolito"]
[Result "0-1"]
[WhiteElo "1706"]
[BlackElo "2121"]
[PlyCount "99"]
[EventDate "2016.04.01"]
[EventType "swiss"]
[EventRounds "11"]
[EventCountry "DOM"]
[SourceTitle "CBM 171 Extra"]
[Source "ChessBase"]
[SourceDate "2016.04.26"]
[SourceVersion "1"]
[SourceVersionDate "2016.04.26"]
[SourceQuality "1"]

1. d4 Nf6 2. Bf4 c5 3. c3 b6 4. e3 Bb7 5. Nf3 cxd4 6. exd4 g6 7. Be2 Bg7 8. h3 0-0 9. Na3 d6 10. 0-0 Nbd7 11. Nc4 Rc8 12. Ne3 Nd5 13. Nxd5 Bxd5 14. Ba6 Rc7 15. Qe2 Re8 16. Rfe1 e5 17. Rad1 Bxf3 18. gxf3 Rf8 19. dxe5 Nxe5 20. Bg3 Qa8 21. Bxe5 Bxe5 22. Bd3 Qd8 23. Qe4 Qf6 24. Bf1 Rc5 25. Bg2 Rfc8 26. Qg4 h5 27. Qd7 R8c7 28. Qe8+ Kg7 29. Re4 b5 30. Rde1 a5 31. Qa8 a4 32. f4 Bxf4 33. Re8 Re5 34. R1xe5 dxe5 35. Rh8 Qd6 36. Qg8+ Kf6 37. Qa8 Rd7 38. Bf3 Qe6 39. Kg2 Rd2 40. Rc8 Kg5 41. Re8 Qb6 42. Be2 Rxe2 43. Qf3 Rxb2 44. h4+ Kh6 45. Re7 Kg7 46. Rb7 Qc5 47. a3 Rc2 48. Rd7 Rxc3 49. Qd1 Qc6+ 50. f3 0-1

[Event "Santo Domingo op U2100 2nd"]
[Site "Santo Domingo"]
[Date "2015.06.21"]
[Round "4"]
[White "Zapata Robles, Jesus Elias"]
[Black "Steel Stephen, Daniel Alberto"]
[Result "0-1"]
[WhiteElo "1742"]
[BlackElo "1995"]
[PlyCount "76"]
[EventDate "2015.06.19"]
[EventType "swiss"]
[EventRounds "8"]
[EventCountry "DOM"]
[SourceTitle "CBM 167 Extra"]
[Source "ChessBase"]
[SourceDate "2015.09.14"]
[SourceVersion "1"]
[SourceVersionDate "2015.09.14"]
[SourceQuality "1"]

1. c4 c6 2. Nc3 d5 3. d4 Nf6 4. e3 e6 5. Nf3 Nbd7 6. a3 Be7 7. cxd5 exd5 8. Bd3 0-0 9. 0-0 Qc7 10. Bd2 Bd6 11. Rc1 Qb8 12. Qc2 Re8 13. b4 a5 14. Na4 Ne4 15. Nc5 Ndf6 16. Be1 Bg4 17. h3 Bxf3 18. gxf3 Ng5 19. Kg2 g6 20. h4 Ne6 21. Nxe6 Rxe6 22. bxa5 Bxa3 23. Rb1 Be7 24. Qb3 Ra7 25. a6 b5 26. Ra1 Nh5 27. Rh1 Qd8 28. Ba5 Qb8 29. Bb4 Rxe3 30. Bxe7 Rxd3 31. Qc2 Nf4+ 32. Kf1 Rxe7 33. Qc1 Rxf3 34. Qxc6 Rc7 35. Qxc7 Qxc7 36. a7 Qc4+ 37. Kg1 Rg3+ 38. Kh2 Rg2# 0-1

[Event "Santo Domingo op U2100 2nd"]
[Site "Santo Domingo"]
[Date "2015.06.20"]
[Round "2"]
[White "Zapata Robles, Jesus Elias"]
[Black "Araujo Sanchez, Josue"]
[Result "1-0"]
[WhiteElo "1742"]
[BlackElo "1707"]
[PlyCount "55"]
[EventDate "2015.06.19"]
[EventType "swiss"]
[EventRounds "8"]
[EventCountry "DOM"]
[SourceTitle "CBM 167 Extra"]
[Source "ChessBase"]
[SourceDate "2015.09.14"]
[SourceVersion "1"]
[SourceVersionDate "2015.09.14"]
[SourceQuality "1"]

1. c4 c6 2. Nc3 d5 3. e3 e5 4. cxd5 cxd5 5. d4 e4 6. Qb3 Nf6 7. Nge2 Nc6 8. Nf4 Bb4 9. a3 Bxc3+ 10. bxc3 0-0 11. Be2 Na5 12. Qa2 a6 13. Bd2 b5 14. a4 Nc4 15. axb5 Nxd2 16. Qxd2 Bb7 17. bxa6 Bc6 18. 0-0 Qb6 19. Rfb1 Qa7 20. Rb2 Nd7 21. Rab1 Rab8 22. Rxb8 Rxb8 23. Rxb8+ Nxb8 24. Qa2 Qa8 25. Qa5 Nd7 26. Bb5 Qb8 27. a7 Qa8 28. Bxc6 1-0

[Event "Santo Domingo op U2100 2nd"]
[Site "Santo Domingo"]
[Date "2015.06.19"]
[Round "1"]
[White "Mendez, Ruddy Antonio"]
[Black "Zapata Robles, Jesus Elias"]
[Result "1-0"]
[WhiteElo "2055"]
[BlackElo "1742"]
[PlyCount "37"]
[EventDate "2015.06.19"]
[EventType "swiss"]
[EventRounds "8"]
[EventCountry "DOM"]
[SourceTitle "CBM 167 Extra"]
[Source "ChessBase"]
[SourceDate "2015.09.14"]
[SourceVersion "1"]
[SourceVersionDate "2015.09.14"]
[SourceQuality "1"]

1. e4 e5 2. Nf3 Nc6 3. d4 exd4 4. Nxd4 Qf6 5. Be3 Bc5 6. c3 Nxd4 7. cxd4 Bb4+ 8. Nc3 d6 9. Qa4+ Bd7 10. Qxb4 Rb8 11. e5 dxe5 12. dxe5 Qxe5 13. Qe4 Qe7 14. Qxe7+ Nxe7 15. 0-0-0 Bc6 16. Bxa7 Ra8 17. Bc5 Ra5 18. b4 Ra8 19. Re1 1-0